[Event "MTO - 2023"]
[Site ""]
[Date "2023-07-23"]
[Round "6.1"]
[White "Aryan Chopra"]
[Black "Bu Xiangzhi"]
[Result "1/2-1/2"]
[WhiteTitle "GM"]
[WhiteElo "2626"]
[WhiteCountry "IND"]
[WhiteFideId "5084423"]
[BlackTitle "GM"]
[BlackElo "2676"]
[BlackCountry "CHN"]
[BlackFideId "8601445"]

1. c4 {[%clk 01:40:55]} e6 {[%clk 01:35:47]} 2. Nc3 {[%clk 01:41:16]} c5 {[%clk 01:35:01]} 3. Nf3 {[%clk 01:41:19]} d5 {[%clk 01:35:17]} 4. cxd5 {[%clk 01:41:30]} exd5 {[%clk 01:35:43]} 5. d4 {[%clk 01:41:53]} Nc6 {[%clk 01:30:31]} 6. dxc5 {[%clk 01:39:52]} d4 {[%clk 01:28:45]} 7. Na4 {[%clk 01:38:44]} Bxc5 {[%clk 01:29:02]} 8. Nxc5 {[%clk 01:38:59]} Qa5+ {[%clk 01:29:29]} 9. Bd2 {[%clk 01:39:16]} Qxc5 {[%clk 01:29:55]} 10. Rc1 {[%clk 01:38:13]} Qb6 {[%clk 01:12:24]} 11. e3 {[%clk 01:36:09]} Nf6 {[%clk 01:11:15]} 12. Bc4 {[%clk 01:29:07]} dxe3 {[%clk 01:11:31]} 13. Bxe3 {[%clk 01:29:28]} Qb4+ {[%clk 01:11:55]} 14. Bd2 {[%clk 01:13:14]} Qe7+ {[%clk 01:12:19]} 15. Qe2 {[%clk 01:13:23]} Qxe2+ {[%clk 01:12:22]} 16. Kxe2 {[%clk 01:13:42]} O-O {[%clk 01:11:19]} 17. h3 {[%clk 01:06:28]} Ne4 {[%clk 00:47:48]} 18. Rhd1 {[%clk 00:52:25]} Nxd2 {[%clk 00:42:38]} 19. Rxd2 {[%clk 00:52:49]} Re8+ {[%clk 00:37:22]} 20. Kf1 {[%clk 00:52:25]} Rd8 {[%clk 00:30:34]} 21. Rxd8+ {[%clk 00:32:16]} Nxd8 {[%clk 00:31:03]} 22. Rd1 {[%clk 00:32:37]} Ne6 {[%clk 00:18:33]} 23. Ng5 {[%clk 00:31:22]} b6 {[%clk 00:17:54]} 24. b3 {[%clk 00:16:15]} h6 {[%clk 00:14:13]} 25. Nxe6 {[%clk 00:16:25]} fxe6 {[%clk 00:13:01]} 26. Rd6 {[%clk 00:12:05]} Kf7 {[%clk 00:10:23]} 27. Rc6 {[%clk 00:12:28]} Kf6 {[%clk 00:08:29]} 28. Rc7 {[%clk 00:09:47]} a6 {[%clk 00:07:25]} 29. Bd3 {[%clk 00:07:25]} Rb8 {[%clk 00:04:06]} 30. Be4 {[%clk 00:07:39]} e5 {[%clk 00:04:43]} 31. b4 {[%clk 00:03:55]} Be6 {[%clk 00:05:06]} 32. a3 {[%clk 00:04:07]} a5 {[%clk 00:04:15]} 33. f3 {[%clk 00:02:42]} axb4 {[%clk 00:04:38]} 34. axb4 {[%clk 00:03:11]} Rd8 {[%clk 00:01:51]} 35. Rc6 {[%clk 00:02:10]} b5 {[%clk 00:01:53]} 36. Ke1 {[%clk 00:02:31]} Ke7 {[%clk 00:00:33]} 37. Rc5 {[%clk 00:02:57]} Bc4 {[%clk 00:00:05]} 38. Rxe5+ {[%clk 00:03:23]} Kf6 {[%clk 00:00:42]} 39. Rc5 {[%clk 00:03:09]} Rd7 {[%clk 00:00:58]} 40. Bc6 {[%clk 00:01:21]} Re7+ {[%clk 00:01:08]} 41. Kd1 {[%clk 00:47:58]} Bf1 {[%clk 00:31:49]} 42. f4 {[%clk 00:32:19]} Re3 {[%clk 00:24:03]} 43. g4 {[%clk 00:31:36]} Rb3 {[%clk 00:15:56]} 44. g5+ {[%clk 00:21:28]} hxg5 {[%clk 00:16:18]} 45. fxg5+ {[%clk 00:21:52]} Ke7 {[%clk 00:16:47]} 46. Bxb5 {[%clk 00:21:42]} Bxh3 {[%clk 00:17:12]} 47. Rc4 {[%clk 00:21:40]} Rg3 {[%clk 00:16:45]} 48. Rc7+ {[%clk 00:21:43]} Kd6 {[%clk 00:16:40]} 49. Rxg7 {[%clk 00:21:56]} Rb3 {[%clk 00:17:06]} 50. g6 {[%clk 00:21:20]} Rxb4 {[%clk 00:16:48]} 51. Bd3 {[%clk 00:18:58]} Be6 {[%clk 00:15:59]} 52. Ra7 {[%clk 00:17:42]} Rd4 {[%clk 00:14:29]} 53. Ke2 {[%clk 00:17:46]} Ke5 {[%clk 00:14:16]} 54. Ra5+ {[%clk 00:13:55]} Rd5 {[%clk 00:14:40]} 55. Ra6 {[%clk 00:13:52]} Rd6 {[%clk 00:14:43]} 56. Ra8 {[%clk 00:13:57]} Kf6 {[%clk 00:14:56]} 57. Ke3 {[%clk 00:14:17]} Kg7 {[%clk 00:15:10]} 58. Ra7+ {[%clk 00:14:32]} Rd7 {[%clk 00:15:39]} 59. Ra6 {[%clk 00:14:52]} Bg8 {[%clk 00:15:33]} 60. Bf5 {[%clk 00:15:12]} Rb7 {[%clk 00:16:56]} 61. Kf4 {[%clk 00:15:31]} Rc7 {[%clk 00:16:00]} 62. Kg5 {[%clk 00:15:12]} 1/2-1/2

[Event "MTO - 2023"]
[Site ""]
[Date "2023-07-23"]
[Round "6.2"]
[White "Rodrigue-Lemieux Shawn"]
[Black "Liu Yan"]
[Result "1/2-1/2"]
[WhiteTitle "IM"]
[WhiteElo "2495"]
[WhiteCountry "CAN"]
[WhiteFideId "2620049"]
[BlackTitle "GM"]
[BlackElo "2542"]
[BlackCountry "CHN"]
[BlackFideId "8608962"]

1. e4 {[%clk 01:39:02]} c5 {[%clk 01:40:15]} 2. Nf3 {[%clk 01:39:23]} d6 {[%clk 01:40:30]} 3. Bb5+ {[%clk 01:39:44]} Nd7 {[%clk 01:40:10]} 4. Ba4 {[%clk 01:40:05]} Nf6 {[%clk 01:39:58]} 5. O-O {[%clk 01:40:23]} e6 {[%clk 01:39:58]} 6. Re1 {[%clk 01:39:58]} a6 {[%clk 01:39:35]} 7. c4 {[%clk 01:40:10]} Be7 {[%clk 01:39:43]} 8. Nc3 {[%clk 01:40:16]} O-O {[%clk 01:39:54]} 9. d4 {[%clk 01:40:08]} cxd4 {[%clk 01:39:46]} 10. Nxd4 {[%clk 01:40:31]} Qc7 {[%clk 01:38:52]} 11. Qe2 {[%clk 01:40:37]} Ne5 {[%clk 01:38:43]} 12. Bb3 {[%clk 01:40:59]} Bd7 {[%clk 01:37:54]} 13. f4 {[%clk 01:40:46]} Qb6 {[%clk 01:36:44]} 14. Be3 {[%clk 01:38:39]} Neg4 {[%clk 01:37:05]} 15. Nf5 {[%clk 01:38:12]} Bd8 {[%clk 01:37:29]} 16. Ne7+ {[%clk 01:35:58]} Kh8 {[%clk 01:37:17]} 17. Bxb6 {[%clk 01:36:16]} Bxb6+ {[%clk 01:37:43]} 18. Kh1 {[%clk 01:36:37]} Nf2+ {[%clk 01:38:08]} 19. Kg1 {[%clk 01:37:02]} N2g4+ {[%clk 01:38:30]} 20. Kh1 {[%clk 01:37:27]} Nf2+ {[%clk 01:38:55]} 21. Kg1 {[%clk 01:37:52]} 1/2-1/2

[Event "MTO - 2023"]
[Site ""]
[Date "2023-07-23"]
[Round "6.5"]
[White "Albornoz Cabrera Carlos Daniel"]
[Black "Wang Chen"]
[Result "1-0"]
[WhiteTitle "GM"]
[WhiteElo "2591"]
[WhiteCountry "CUB"]
[WhiteFideId "3518736"]
[BlackTitle "IM"]
[BlackElo "2477"]
[BlackCountry "CHN"]
[BlackFideId "8601020"]

1. e4 {[%clk 01:40:57]} c5 {[%clk 01:40:47]} 2. Nf3 {[%clk 01:41:21]} e6 {[%clk 01:41:10]} 3. d4 {[%clk 01:41:46]} cxd4 {[%clk 01:41:36]} 4. Nxd4 {[%clk 01:42:10]} Nc6 {[%clk 01:41:58]} 5. Nc3 {[%clk 01:42:27]} a6 {[%clk 01:40:20]} 6. Qd3 {[%clk 01:42:34]} Qc7 {[%clk 01:29:19]} 7. Nxc6 {[%clk 01:42:56]} Qxc6 {[%clk 01:25:54]} 8. a4 {[%clk 01:43:06]} Bc5 {[%clk 01:17:29]} 9. Be2 {[%clk 01:35:06]} Ne7 {[%clk 01:16:58]} 10. O-O {[%clk 01:27:09]} O-O {[%clk 01:17:23]} 11. Be3 {[%clk 01:22:56]} d6 {[%clk 01:09:39]} 12. Rfd1 {[%clk 01:11:55]} e5 {[%clk 00:35:36]} 13. Bxc5 {[%clk 01:07:49]} dxc5 {[%clk 00:36:01]} 14. Qg3 {[%clk 00:59:19]} Ng6 {[%clk 00:35:04]} 15. Bc4 {[%clk 00:50:35]} Be6 {[%clk 00:35:12]} 16. Bd5 {[%clk 00:48:52]} Qc7 {[%clk 00:34:26]} 17. Rd2 {[%clk 00:45:38]} Rfd8 {[%clk 00:33:20]} 18. Rad1 {[%clk 00:45:00]} Nf8 {[%clk 00:32:45]} 19. h4 {[%clk 00:39:37]} f6 {[%clk 00:27:13]} 20. Qh3 {[%clk 00:32:58]} Kf7 {[%clk 00:20:52]} 21. Bxe6+ {[%clk 00:30:41]} Nxe6 {[%clk 00:21:17]} 22. Nd5 {[%clk 00:30:55]} Qc6 {[%clk 00:21:22]} 23. Qf5 {[%clk 00:28:36]} h6 {[%clk 00:15:31]} 24. h5 {[%clk 00:23:18]} Qe8 {[%clk 00:15:51]} 25. Qh7 {[%clk 00:10:18]} Nf8 {[%clk 00:14:28]} 26. Qf5 {[%clk 00:10:43]} Qe6 {[%clk 00:10:39]} 27. Qf3 {[%clk 00:10:50]} Rd7 {[%clk 00:11:02]} 28. Qe3 {[%clk 00:09:26]} Qc6 {[%clk 00:10:22]} 29. a5 {[%clk 00:07:45]} Rad8 {[%clk 00:10:43]} 30. Qg3 {[%clk 00:07:26]} Qa4 {[%clk 00:09:52]} 31. Qg4 {[%clk 00:07:26]} Qxa5 {[%clk 00:09:52]} 32. Rd3 {[%clk 00:05:40]} Qa4 {[%clk 00:08:43]} 33. Rg3 {[%clk 00:05:33]} Ke8 {[%clk 00:07:06]} 34. Rdd3 {[%clk 00:04:17]} Qxc2 {[%clk 00:07:18]} 35. Rc3 {[%clk 00:04:01]} Qb1+ {[%clk 00:07:17]} 36. Kh2 {[%clk 00:03:14]} b6 {[%clk 00:05:58]} 37. b4 {[%clk 00:03:43]} Rxd5 {[%clk 00:06:20]} 38. exd5 {[%clk 00:01:54]} Qxb4 {[%clk 00:05:08]} 39. Qxg7 {[%clk 00:01:18]} Qh4+ {[%clk 00:00:00]} 40. Kg1 {[%clk 00:00:00]} Rd7 {[%clk 00:00:00]} 41. Qg8 {[%clk 00:00:00]} Qxh5 {[%clk 00:00:00]} 42. Rc1 {[%clk 00:00:00]} Qf7 {[%clk 00:00:00]} 43. Qh8 {[%clk 00:00:00]} a5 {[%clk 00:00:00]} 44. Re1 {[%clk 00:00:00]} Rd6 {[%clk 00:00:00]} 45. Rg7 {[%clk 00:00:00]} Qxd5 {[%clk 00:00:00]} 46. Rc7 {[%clk 00:00:00]} a4 {[%clk 00:00:00]} 47. Ra7 {[%clk 00:00:00]} c4 {[%clk 00:00:00]} 48. Qxh6 {[%clk 00:00:00]} b5 {[%clk 00:00:00]} 49. Qg7 {[%clk 00:00:00]} Nd7 {[%clk 00:00:00]} 50. Qh8+ {[%clk 00:00:00]} Nf8 {[%clk 00:00:00]} 51. Re3 {[%clk 00:00:00]} b4 {[%clk 00:00:00]} 52. Rg3 {[%clk 00:00:00]} Rd7 {[%clk 00:00:00]} 53. Rxd7 {[%clk 00:00:00]} Qxd7 {[%clk 00:00:00]} 54. Qxf6 {[%clk 00:00:00]} Qe6 {[%clk 00:00:00]} 55. Qf3 {[%clk 00:00:00]} e4 {[%clk 00:00:00]} 56. Qh5+ {[%clk 00:00:00]} Ke7 {[%clk 00:00:00]} 57. Qc5+ {[%clk 00:00:00]} Qd6 {[%clk 00:00:00]} 58. Rg7+ {[%clk 00:00:00]} Ke6 {[%clk 00:00:00]} 59. Qxc4+ {[%clk 00:00:00]} Ke5 {[%clk 00:00:00]} 60. Rg5+ {[%clk 00:00:00]} 1-0

[Event "MTO - 2023"]
[Site ""]
[Date "2023-07-23"]
[Round "6.23"]
[White "Seul Georg"]
[Black "Zhang Lanlin"]
[Result "1-0"]
[WhiteTitle "IM"]
[WhiteElo "2376"]
[WhiteCountry "GER"]
[WhiteFideId "4601653"]
[BlackTitle ""]
[BlackElo "2194"]
[BlackCountry "CHN"]
[BlackFideId "8608032"]

1. e4 {[%clk 01:40:51]} c5 {[%clk 01:40:47]} 2. Nf3 {[%clk 01:41:03]} d6 {[%clk 01:41:11]} 3. Bb5+ {[%clk 01:41:07]} Nd7 {[%clk 01:41:14]} 4. O-O {[%clk 01:41:09]} Nf6 {[%clk 01:39:38]} 5. Re1 {[%clk 01:41:20]} a6 {[%clk 01:38:44]} 6. Bf1 {[%clk 01:41:29]} b5 {[%clk 01:37:05]} 7. a4 {[%clk 01:32:38]} bxa4 {[%clk 01:30:18]} 8. d4 {[%clk 01:18:55]} cxd4 {[%clk 01:28:51]} 9. Nxd4 {[%clk 01:08:42]} e5 {[%clk 01:18:23]} 10. Nf5 {[%clk 01:06:30]} Nc5 {[%clk 01:18:37]} 11. Nc3 {[%clk 01:06:02]} h6 {[%clk 01:10:40]} 12. Ne3 {[%clk 00:54:59]} Be6 {[%clk 01:02:37]} 13. Ned5 {[%clk 00:35:37]} Be7 {[%clk 00:57:55]} 14. Nxf6+ {[%clk 00:35:04]} Bxf6 {[%clk 00:54:23]} 15. Nxa4 {[%clk 00:35:26]} Nxa4 {[%clk 00:53:28]} 16. Rxa4 {[%clk 00:35:52]} Qb6 {[%clk 00:52:32]} 17. Qd3 {[%clk 00:30:18]} a5 {[%clk 00:48:34]} 18. Be3 {[%clk 00:11:40]} Qb8 {[%clk 00:35:40]} 19. Rea1 {[%clk 00:11:10]} Bd8 {[%clk 00:30:56]} 20. b4 {[%clk 00:08:41]} Bd7 {[%clk 00:31:19]} 21. R4a3 {[%clk 00:08:34]} f5 {[%clk 00:26:43]} 22. exf5 {[%clk 00:06:48]} O-O {[%clk 00:24:16]} 23. bxa5 {[%clk 00:07:07]} Bxf5 {[%clk 00:24:26]} 24. Qd5+ {[%clk 00:07:18]} Kh8 {[%clk 00:24:43]} 25. Bd3 {[%clk 00:06:37]} Bxd3 {[%clk 00:24:21]} 26. Qxd3 {[%clk 00:06:47]} Bf6 {[%clk 00:23:15]} 27. Qd5 {[%clk 00:06:29]} Rc8 {[%clk 00:20:20]} 28. Rb3 {[%clk 00:05:02]} Qc7 {[%clk 00:20:42]} 29. Ra2 {[%clk 00:05:09]} Ra6 {[%clk 00:14:42]} 30. Bb6 {[%clk 00:05:07]} Qd7 {[%clk 00:13:30]} 31. g3 {[%clk 00:04:47]} Bd8 {[%clk 00:12:32]} 32. Bxd8 {[%clk 00:04:20]} Qxd8 {[%clk 00:12:56]} 33. Rb7 {[%clk 00:03:28]} Rca8 {[%clk 00:10:34]} 34. Rb5 {[%clk 00:02:42]} Qc7 {[%clk 00:09:43]} 35. h4 {[%clk 00:02:27]} Qc3 {[%clk 00:09:27]} 36. Kg2 {[%clk 00:02:22]} Rf8 {[%clk 00:07:46]} 37. Rb3 {[%clk 00:02:38]} Qe1 {[%clk 00:06:30]} 38. c4 {[%clk 00:02:56]} Rxa5 {[%clk 00:02:55]} 39. Qxd6 {[%clk 00:01:30]} Qe4+ {[%clk 00:02:18]} 40. Kh2 {[%clk 00:01:37]} Qa8 {[%clk 00:00:35]} 41. Rb8 {[%clk 00:25:00]} Qxb8 {[%clk 00:44:20]} 42. Qxb8 {[%clk 00:24:45]} Rxb8 {[%clk 00:44:48]} 43. Rxa5 {[%clk 00:25:08]} Rb2 {[%clk 00:44:48]} 44. Kg2 {[%clk 00:25:16]} Rc2 {[%clk 00:45:14]} 45. Rc5 {[%clk 00:25:03]} e4 {[%clk 00:44:32]} 46. Kf1 {[%clk 00:24:38]} Kg8 {[%clk 00:44:54]} 47. Rc7 {[%clk 00:11:55]} h5 {[%clk 00:45:06]} 48. Ke1 {[%clk 00:12:18]} Kh7 {[%clk 00:45:20]} 49. Rc6 {[%clk 00:11:52]} Kg8 {[%clk 00:39:46]} 50. Rc5 {[%clk 00:08:23]} g6 {[%clk 00:27:00]} 51. Rc7 {[%clk 00:08:45]} Kh8 {[%clk 00:27:26]} 52. Kf1 {[%clk 00:08:58]} Kg8 {[%clk 00:27:46]} 53. Ke1 {[%clk 00:09:22]} Kh8 {[%clk 00:28:11]} 54. c5 {[%clk 00:09:50]} Kg8 {[%clk 00:28:37]} 55. Kf1 {[%clk 00:09:56]} Kh8 {[%clk 00:29:02]} 56. Ke1 {[%clk 00:10:21]} Kg8 {[%clk 00:29:31]} 57. c6 {[%clk 00:10:45]} Kh8 {[%clk 00:29:57]} 58. Kd1 {[%clk 00:09:28]} Rc4 {[%clk 00:28:59]} 59. Kd2 {[%clk 00:09:51]} Kg8 {[%clk 00:29:28]} 60. Ke3 {[%clk 00:09:37]} Kf8 {[%clk 00:29:47]} 61. Kf4 {[%clk 00:05:30]} Rc2 {[%clk 00:28:10]} 62. Kxe4 {[%clk 00:04:00]} Rxf2 {[%clk 00:26:03]} 63. Rh7 {[%clk 00:03:30]} Rc2 {[%clk 00:25:44]} 64. c7 {[%clk 00:03:37]} Ke8 {[%clk 00:26:10]} 65. Ke5 {[%clk 00:01:35]} Rc6 {[%clk 00:26:33]} 66. c8=Q+ {[%clk 00:01:48]} 1-0

[Event "MTO - 2023"]
[Site ""]
[Date "2023-07-23"]
[Round "6.31"]
[White "Karthik Rajaa"]
[Black "Ammar Sedrani"]
[Result "1-0"]
[WhiteTitle "FM"]
[WhiteElo "2276"]
[WhiteCountry "IND"]
[WhiteFideId "25035215"]
[BlackTitle "FM"]
[BlackElo "2154"]
[BlackCountry "UAE"]
[BlackFideId "9312331"]

1. d4 {[%clk 01:39:49]} d5 {[%clk 01:40:57]} 2. c4 {[%clk 01:40:09]} e6 {[%clk 01:41:25]} 3. Nc3 {[%clk 01:40:25]} Nf6 {[%clk 01:41:52]} 4. Bg5 {[%clk 01:40:36]} Be7 {[%clk 01:42:20]} 5. e3 {[%clk 01:40:53]} O-O {[%clk 01:42:46]} 6. Nf3 {[%clk 01:41:09]} h6 {[%clk 01:42:57]} 7. Bh4 {[%clk 01:41:28]} Ne4 {[%clk 01:43:16]} 8. Bxe7 {[%clk 01:41:49]} Qxe7 {[%clk 01:43:44]} 9. cxd5 {[%clk 01:42:11]} Nxc3 {[%clk 01:44:08]} 10. bxc3 {[%clk 01:42:38]} exd5 {[%clk 01:44:37]} 11. Qb3 {[%clk 01:43:00]} c6 {[%clk 01:44:38]} 12. Bd3 {[%clk 01:38:25]} Nd7 {[%clk 01:35:46]} 13. O-O {[%clk 01:34:29]} Nf6 {[%clk 01:28:05]} 14. a4 {[%clk 01:02:26]} Be6 {[%clk 01:07:20]} 15. Rfb1 {[%clk 00:59:39]} b6 {[%clk 01:04:31]} 16. Qa3 {[%clk 00:53:07]} Rfe8 {[%clk 00:49:56]} 17. Qxe7 {[%clk 00:52:35]} Rxe7 {[%clk 00:50:23]} 18. Ne5 {[%clk 00:34:58]} Rc7 {[%clk 00:46:20]} 19. f3 {[%clk 00:32:35]} Rd8 {[%clk 00:34:25]} 20. Kf2 {[%clk 00:31:35]} Ne8 {[%clk 00:33:11]} 21. g4 {[%clk 00:26:58]} Nd6 {[%clk 00:32:38]} 22. h4 {[%clk 00:23:26]} g6 {[%clk 00:26:06]} 23. Be2 {[%clk 00:16:31]} Kg7 {[%clk 00:25:05]} 24. Nd3 {[%clk 00:14:46]} Re8 {[%clk 00:23:21]} 25. Nf4 {[%clk 00:09:45]} f6 {[%clk 00:19:49]} 26. Bd3 {[%clk 00:08:15]} Bf7 {[%clk 00:20:16]} 27. Re1 {[%clk 00:06:25]} g5 {[%clk 00:19:51]} 28. Ne2 {[%clk 00:06:29]} Rce7 {[%clk 00:19:11]} 29. hxg5 {[%clk 00:05:56]} hxg5 {[%clk 00:17:43]} 30. Ng3 {[%clk 00:06:09]} Bg6 {[%clk 00:17:47]} 31. Bf5 {[%clk 00:05:23]} Bxf5 {[%clk 00:15:50]} 32. Nxf5+ {[%clk 00:04:45]} Nxf5 {[%clk 00:16:17]} 33. gxf5 {[%clk 00:05:14]} Rh8 {[%clk 00:15:55]} 34. Rh1 {[%clk 00:05:20]} Ree8 {[%clk 00:16:01]} 35. Rxh8 {[%clk 00:04:42]} Rxh8 {[%clk 00:16:29]} 36. Kg3 {[%clk 00:04:44]} Kf7 {[%clk 00:12:14]} 37. Re1 {[%clk 00:04:15]} Rh4 {[%clk 00:12:18]} 38. Rc1 {[%clk 00:04:03]} Ke7 {[%clk 00:10:09]} 39. c4 {[%clk 00:03:44]} dxc4 {[%clk 00:08:55]} 40. Rc3 {[%clk 00:04:13]} Kd6 {[%clk 00:08:55]} 41. Rc1 {[%clk 00:04:04]} Rh8 {[%clk 00:08:31]} 42. e4 {[%clk 00:03:06]} c5 {[%clk 00:07:11]} 43. Rd1 {[%clk 00:43:59]} Rc8 {[%clk 00:55:43]} 44. f4 {[%clk 00:42:54]} a6 {[%clk 00:49:31]} 45. Rb1 {[%clk 00:34:37]} Kc6 {[%clk 00:00:00]} 46. fxg5 {[%clk 00:00:00]} fxg5 {[%clk 00:00:00]} 47. e5 {[%clk 00:00:00]} c3 {[%clk 00:00:00]} 48. f6 {[%clk 00:00:00]} c2 {[%clk 00:00:00]} 49. Rc1 {[%clk 00:00:00]} Kd7 {[%clk 00:00:00]} 50. d5 {[%clk 00:00:00]} b5 {[%clk 00:00:00]} 51. axb5 {[%clk 00:00:00]} axb5 {[%clk 00:00:00]} 52. e6+ {[%clk 00:00:00]} Kd6 {[%clk 00:00:00]} 53. e7 {[%clk 00:00:00]} Kd7 {[%clk 00:00:00]} 54. d6 {[%clk 00:00:00]} Ke8 {[%clk 00:00:00]} 55. Rf1 {[%clk 00:00:00]} 1-0

[Event "MTO - 2023"]
[Site ""]
[Date "2023-07-23"]
[Round "6.38"]
[White "Urh Zala"]
[Black "Rotunno Flavio"]
[Result "1-0"]
[WhiteTitle "WIM"]
[WhiteElo "2231"]
[WhiteCountry "SLO"]
[WhiteFideId "14611481"]
[BlackTitle ""]
[BlackElo "2005"]
[BlackCountry "SUI"]
[BlackFideId "1338528"]

1. d4 {[%clk 01:40:56]} Nf6 {[%clk 01:37:22]} 2. c4 {[%clk 01:41:07]} e6 {[%clk 01:37:47]} 3. Nf3 {[%clk 01:41:34]} b6 {[%clk 01:38:13]} 4. g3 {[%clk 01:41:30]} Bb4+ {[%clk 01:38:39]} 5. Bd2 {[%clk 01:41:37]} c5 {[%clk 01:39:04]} 6. Bxb4 {[%clk 01:40:49]} cxb4 {[%clk 01:39:29]} 7. Bg2 {[%clk 01:41:11]} Bb7 {[%clk 01:39:55]} 8. O-O {[%clk 01:41:36]} a5 {[%clk 01:40:16]} 9. Qd3 {[%clk 01:39:09]} O-O {[%clk 01:40:31]} 10. Nbd2 {[%clk 01:38:49]} d6 {[%clk 01:40:56]} 11. e4 {[%clk 01:37:50]} e5 {[%clk 01:41:08]} 12. d5 {[%clk 01:31:04]} Qc7 {[%clk 01:29:47]} 13. Nh4 {[%clk 01:28:58]} Nbd7 {[%clk 01:22:49]} 14. Kh1 {[%clk 01:18:15]} Rfe8 {[%clk 01:15:14]} 15. Nf5 {[%clk 01:16:39]} Nc5 {[%clk 01:02:13]} 16. Qe3 {[%clk 01:16:39]} h6 {[%clk 01:02:13]} 17. f4 {[%clk 00:42:16]} Bc8 {[%clk 00:57:35]} 18. Nh4 {[%clk 00:40:51]} Qe7 {[%clk 00:25:48]} 19. f5 {[%clk 00:34:37]} Ba6 {[%clk 00:25:48]} 20. Qe2 {[%clk 00:34:37]} Rab8 {[%clk 00:25:48]} 21. Nhf3 {[%clk 00:27:49]} Rec8 {[%clk 00:23:46]} 22. Rg1 {[%clk 00:00:00]} b5 {[%clk 00:00:00]} 23. b3 {[%clk 00:00:00]} bxc4 {[%clk 00:00:00]} 24. bxc4 {[%clk 00:00:00]} Na4 {[%clk 00:00:00]} 25. Bf1 {[%clk 00:00:00]} Nd7 {[%clk 00:00:00]} 26. g4 {[%clk 00:00:00]} g5 {[%clk 00:00:00]} 27. fxg6 {[%clk 00:00:00]} fxg6 {[%clk 00:00:00]} 28. g5 {[%clk 00:00:00]} h5 {[%clk 00:00:00]} 29. Nh4 {[%clk 00:00:00]} Kh7 {[%clk 00:00:00]} 30. Bh3 {[%clk 00:00:00]} Nc3 {[%clk 00:00:00]} 31. Nxg6 {[%clk 00:00:00]} Kxg6 {[%clk 00:00:00]} 32. Bf5+ {[%clk 00:00:00]} Kg7 {[%clk 00:00:00]} 33. Qxh5 {[%clk 00:00:00]} Nf8 {[%clk 00:00:00]} 34. g6 {[%clk 00:00:00]} Bxc4 {[%clk 00:00:00]} 35. Nxc4 {[%clk 00:00:00]} Rxc4 {[%clk 00:00:00]} 36. Rg4 {[%clk 00:00:00]} Nd7 {[%clk 00:00:00]} 37. Qh7+ {[%clk 00:00:00]} Kf6 {[%clk 00:00:00]} 38. Qh4+ {[%clk 00:00:00]} 1-0

[Event "MTO - 2023"]
[Site ""]
[Date "2023-07-23"]
[Round "6.39"]
[White "Coles Robin"]
[Black "Adocchio Giampiero Dr."]
[Result "0-1"]
[WhiteTitle ""]
[WhiteElo "2070"]
[WhiteCountry "FRA"]
[WhiteFideId "551017814"]
[BlackTitle ""]
[BlackElo "2165"]
[BlackCountry "GER"]
[BlackFideId "4666011"]

1. e4 {[%clk 01:40:51]} e6 {[%clk 01:40:43]} 2. d4 {[%clk 01:41:11]} d5 {[%clk 01:41:08]} 3. Nd2 {[%clk 01:41:55]} c5 {[%clk 01:41:21]} 4. Ngf3 {[%clk 01:42:50]} cxd4 {[%clk 01:42:30]} 5. Nxd4 {[%clk 01:42:50]} Nc6 {[%clk 01:43:16]} 6. Bb5 {[%clk 01:40:42]} Bd7 {[%clk 01:42:28]} 7. Nxc6 {[%clk 01:33:42]} bxc6 {[%clk 01:42:05]} 8. Bd3 {[%clk 01:33:42]} Bd6 {[%clk 01:42:05]} 9. Qe2 {[%clk 01:33:42]} e5 {[%clk 01:42:05]} 10. exd5 {[%clk 01:33:42]} cxd5 {[%clk 01:42:05]} 11. c4 {[%clk 01:33:42]} Ne7 {[%clk 01:42:05]} 12. cxd5 {[%clk 01:31:26]} Nxd5 {[%clk 01:39:34]} 13. Be4 {[%clk 01:31:26]} Nf4 {[%clk 01:37:46]} 14. Qa6 {[%clk 01:31:26]} Bc5 {[%clk 01:37:46]} 15. O-O {[%clk 01:24:00]} Rb8 {[%clk 01:37:05]} 16. Nb3 {[%clk 01:15:34]} Bb6 {[%clk 01:30:32]} 17. Bxf4 {[%clk 01:09:22]} exf4 {[%clk 01:27:56]} 18. Rad1 {[%clk 00:58:01]} O-O {[%clk 01:21:31]} 19. Bxh7+ {[%clk 00:58:01]} Kxh7 {[%clk 01:21:50]} 20. Qd3+ {[%clk 00:52:40]} Kg8 {[%clk 01:20:24]} 21. Qxd7 {[%clk 00:48:28]} Qf6 {[%clk 01:17:17]} 22. Qg4 {[%clk 00:48:28]} Qxb2 {[%clk 01:17:17]} 23. Rd2 {[%clk 00:48:28]} Qf6 {[%clk 01:17:17]} 24. Rd5 {[%clk 00:48:28]} g6 {[%clk 01:13:43]} 25. Rd3 {[%clk 00:41:02]} Rbc8 {[%clk 01:04:04]} 26. Qf3 {[%clk 00:16:18]} Rc2 {[%clk 00:41:53]} 27. a4 {[%clk 00:16:18]} Re8 {[%clk 00:41:53]} 28. Rd2 {[%clk 00:16:18]} Rxd2 {[%clk 00:41:53]} 29. Nxd2 {[%clk 00:16:18]} Qd4 {[%clk 00:41:53]} 30. a5 {[%clk 00:16:18]} Qxd2 {[%clk 00:41:53]} 31. axb6 {[%clk 00:16:18]} axb6 {[%clk 00:41:53]} 32. g3 {[%clk 00:16:18]} fxg3 {[%clk 00:41:53]} 33. hxg3 {[%clk 00:16:18]} Re1 {[%clk 00:41:53]} 34. Qb3 {[%clk 00:14:22]} Rxf1+ {[%clk 00:40:58]} 35. Kxf1 {[%clk 00:14:16]} Qc1+ {[%clk 00:41:22]} 36. Ke2 {[%clk 00:14:26]} Qc5 {[%clk 00:41:45]} 37. f4 {[%clk 00:12:29]} Qd4 {[%clk 00:38:35]} 38. Kf3 {[%clk 00:09:52]} Qc5 {[%clk 00:28:40]} 39. Ke4 {[%clk 00:06:15]} b5 {[%clk 00:26:57]} 40. Kd3 {[%clk 00:03:08]} Qf2 {[%clk 00:22:26]} 41. Ke4 {[%clk 00:00:48]} Qe2+ {[%clk 00:22:45]} 42. Kd4 {[%clk 00:00:47]} Kg7 {[%clk 00:21:42]} 43. Kc5 {[%clk 00:36:15]} Kf6 {[%clk 01:07:35]} 44. g4 {[%clk 00:27:22]} Qf2+ {[%clk 00:59:19]} 45. Kxb5 {[%clk 00:27:01]} Qxf4 {[%clk 00:59:43]} 46. Qh3 {[%clk 00:00:00]} Kg5 {[%clk 00:00:00]} 0-1